000 00732nam a2200205Ia 4500
003 GCL
008 140319s9999 xx 000 0 eng d
020 _a1878379208
040 _aGCL /
_cGCL
082 0 4 _a291.56242
_bS R
100 1 _aSMOCK, DAVID R
245 1 0 _aRELIGIOUS PERSPECTIVES ON WAR :
_bCHRISTIAN, MUSLIM AND JEWISH ATTITUDES TOWARD FORCE AFTER THE GULF WAR /
_cSMOCK, DAVID R
260 _aنيويورك :
_bUNITED STATES INSTITUTE OF PEACE ،
_c1992
300 _a24 CM ؛
_c63 P
490 _aPERSPECTIVES SERIES
_v0
650 0 4 _aWAR - RELIGIOUS ASPECTS - CONGRESSES
650 0 4 _aJUST WAR DOCTRINE - CONGRESSES
650 0 4 _aPERSIAN GULF WAR, 1991 - MORAL AND ETHICAL ASPECTS - CONGRESSES
942 _2ddc
_cBK
999 _c9947
_d9947